| 000 | 02009nam0a2200409 4500 | ||
|---|---|---|---|
| 001 | RU\NLR\BIBL_A\022061900 | ||
| 005 | 20240524150159.0 | ||
| 010 |
_a978-5-4470-0670-9 _93000 |
||
| 021 |
_aRU _bКН-П-23-060284 _9КН-П-23-6103 |
||
| 035 | _a(NLR Aleph) 022061900 | ||
| 035 | _a(RuMoRGB)012144921 | ||
| 090 |
_a12630233 _c12630233 |
||
| 100 | _a20231027d2023 u y0rusy50 ca | ||
| 101 | 0 | _arus | |
| 102 | _aRU | ||
| 105 | _aac z 000zy | ||
| 181 | 0 |
_ai3 _baxxe |
|
| 181 | 0 |
_ab2 _bbb2e |
|
| 182 | 0 | _an | |
| 200 | 1 |
_aСделано в ЦРУ _eтайная история цветных революций, кровавых переворотов и чудовищных провокаций _f[автор текстов Д. Кабилов _gРоссийское военно-историческое общество] |
|
| 203 |
_aТекст _aИзображение _bвизуальные _cнепосредственные |
||
| 210 |
_aМосква _cКомсомольская правда _d2023 |
||
| 215 |
_a190, [1] с. _cил., цв. ил., портр. _d24 |
||
| 300 | _aАвт. указан в вып. дан. | ||
| 320 | _aБиблиогр. в подстроч. примеч. | ||
| 601 | 0 | 1 |
_aСоединенные Штаты Америки _bЦентральное разведывательное управление _xСекретные операции _92255246 _3RU\NLR\AUTH\6601582775 |
| 675 |
_a351.746.1(73)(091) _v4 |
||
| 686 |
_a67.401.132г(7Сое) _2rubbks |
||
| 686 | 1 | _aЦ68,8(7США)-4 | |
| 700 | 1 |
_aКабилов _bД. М. _gДалер Мирзорахимович |
|
| 711 | 0 | 1 |
_aСША _bЦентральное разведывательное управление _9573325 _3RU\NLR\AUTH\8810037303 |
| 712 | 0 | 2 |
_4570 _aРоссийское военно-историческое общество _9380849 _3RU\NLR\AUTH\8810247614 |
| 942 | _cBOOK | ||
| 980 | _aNB | ||